000 00324nam a22001457a 4500
003 SGT
020 _a8176294209
082 _a344.480954,TAN
100 _aTANDON, USHA
245 _aPOPULATION LAW
260 _aNEW DELHI
_bDEEP & DEEP PUBLICATIONS
_c 2003
300 _a470
650 _aPOPULATION LAW
942 _2ddc
_cBK
999 _c10341
_d10341